Commercial Sex Work in Kenya: the pretentious moral bubble/ (Record no. 4233)

000 -LEADER
fixed length control field 00400nam a22001457a 4500
003 - CONTROL NUMBER IDENTIFIER
control field OSt
005 - DATE AND TIME OF LATEST TRANSACTION
control field 20200303085346.0
008 - FIXED-LENGTH DATA ELEMENTS--GENERAL INFORMATION
fixed length control field 200303b xxu||||| |||| 00| 0 eng d
050 ## - LIBRARY OF CONGRESS CALL NUMBER
Classification number KSY4224.M33 2019
100 ## - MAIN ENTRY--PERSONAL NAME
Personal name Macharia, M. Lisa
245 ## - TITLE STATEMENT
Title Commercial Sex Work in Kenya: the pretentious moral bubble/
Statement of responsibility, etc Lisa Mumbi Macharia
260 ## - PUBLICATION, DISTRIBUTION, ETC. (IMPRINT)
Place of publication, distribution, etc Nairobi
Date of publication, distribution, etc 2019
300 ## - PHYSICAL DESCRIPTION
Extent ix, 39 p
Dimensions 24cm
942 ## - ADDED ENTRY ELEMENTS (KOHA)
Source of classification or shelving scheme
Koha item type Book
Holdings
Withdrawn status Lost status Source of classification or shelving scheme Damaged status Not for loan Home library Current library Shelving location Date acquired Total Checkouts Full call number Barcode Date last seen Price effective from Koha item type
          Riara University Library Riara University Library Special Collection 03/03/2020   RUSC KSY4224.M33 2019 10299/19 03/03/2020 03/03/2020 Research Project

Riara University Library,
P.O. Box 49940-00100,
Nairobi, Kenya.